000 00912nam a2200277 i 4500
003 EG-GICUC
005 20260209200439.0
008 260209s1929 fr ||||fr|||| 000 0 fre d
040 _aEG-GiCUC
_bfre
_cEG-GiCUC
_dEG-GiCUC
_eRda
082 0 4 _221
_a341.77
_bCA . E
092 0 4 _221
099 _aLaw1 11 341.77 CA . E 1929
100 1 _aCanonne, G
_eAuteur
245 1 0 _aEssai De Droit Pénal International :
_bL'affaire Du "Lotus".
_nTome IV /
_cG. Canonne.
264 1 _aParis :
_bLibrairie Du Recueil Sirey,
_c1929.
300 _a345 page :
_billustration ;
_c 24 cm.
336 _2rda contenu
_a texte
337 _2rda medias
_aOrdinateur
338 _2 transporteur rda
_a Ressource en ligne
546 _aTexte en français
650 1 4 _aDroit international public
_2
651 1 _2
856 4 0 _uhttps://fll.law.cu.edu.eg/fulltext/bks/B11-07554.pdf
905 _a50
942 _2ddc
_cBK
_e21
_n0
999 _c62056
_d62056